00325nam a2200121Ia 4500008004000000020001800040082001700058100001900075245003400094260004100128300001200169650002200181210210b1989 xxu||||| |||| 00| 0 eng d a0 471 50355 X a658.562 BANP aBANKS (Jerry). aPrinciples of quality control aNew York.bJohn Wiley and Sonsc1989 axxx,634 aQuality Control